[Event "GRE-chT Online Rapid op 1st"]
[Site "Tornelo INT"]
[Date "2021.02.20"]
[Round "4.40"]
[White "Kotrotsos, Nikodimos"]
[Black "Samartzidis, Dimitrios"]
[Result "0-1"]
[WhiteElo "1350"]
[BlackElo "1208"]
[PlyCount "56"]
[EventDate "2021.02.20"]
[EventType "team-swiss (rapid)"]
[EventRounds "9"]
[EventCountry "GRE"]
[SourceTitle "EXT 2023"]
[Source "ChessBase"]
[SourceDate "2022.10.05"]
[SourceVersion "1"]
[SourceVersionDate "2022.10.05"]
[SourceQuality "1"]

1. e4 c5 2. Nf3 d6 3. Bc4 e6 4. 0-0 Nf6 5. d3 h6 6. Nc3 a6 7. a3 b5 8. Ba2 Nc6 9. Be3 Be7 10. Ne2 0-0 11. Ng3 Bb7 12. c3 Re8 13. d4 Qb6 14. d5 exd5 15. exd5 Ne5 16. Nf5 Rad8 17. Rb1 Bc8 18. Nxe7+ Rxe7 19. b4 Bb7 20. bxc5 dxc5 21. a4 Bxd5 22. Bxd5 Nxd5 23. Qb3 Nxf3+ 24. gxf3 Nxe3 25. fxe3 Rxe3 26. axb5 c4 27. Qb4 Re2+ 28. Kh1 Rdd2 0-1